|
|
|
|
| LEADER |
00000cam a2200000 4500 |
| 001 |
vtls012238786 |
| 003 |
SK-MaSNL |
| 005 |
20260301203522.0 |
| 008 |
230907s2023 xo a f f 000 0 slo |
| 015 |
|
|
|a SNBA2024/03
|
| 020 |
|
|
|a 9788080745547
|q (brožované)
|
| 040 |
|
|
|a SNK
|b slo
|c SNK
|e rda
|
| 041 |
1 |
|
|a slo
|h ita
|
| 044 |
|
|
|a xo
|c SK
|
| 072 |
|
7 |
|a 27-4
|x Praktická teológia. Morálna teológia
|2 konspekt
|
| 080 |
|
|
|a 27-452
|2 2011
|
| 080 |
|
|
|a 27-46
|2 2011
|
| 080 |
|
|
|a 27-766
|2 2011
|
| 080 |
|
|
|a 2-555
|2 2011
|
| 080 |
|
|
|a 316.361
|2 2011
|
| 080 |
|
|
|a 316.472.42
|2 2011
|
| 080 |
|
|
|a 27-465
|2 2011
|
| 080 |
|
|
|a 27-4
|2 2011
|
| 080 |
|
|
|a 27-184
|2 2011
|
| 080 |
|
|
|a (035)
|2 2011
|
| 100 |
1 |
|
|a Bonetti, Renzo,
|d 1943-
|4 aut
|9 230990
|
| 240 |
1 |
3 |
|a La piccola via degli sposi cristiani
|l Slovensky
|
| 245 |
1 |
0 |
|a Malá cesta kresťanských manželov
|c Renzo Bonetti ; preklad: Dominik Vinš, Ján Čverčko, Martin Bonkálo, Elena a Jozef Martinkovičovci
|
| 264 |
|
1 |
|a Bratislava
|b Don Bosco
|c 2023
|
| 300 |
|
|
|a 85 strán
|b farebné ilustrácie
|c 30 cm
|e 1 voľný list
|
| 336 |
|
|
|a text
|b txt
|2 rdacontent
|
| 337 |
|
|
|a bez média
|b n
|2 rdamedia
|
| 338 |
|
|
|a zväzok
|b nc
|2 rdacarrier
|
| 338 |
|
|
|a list
|2 nb
|2 rdacarrier
|
| 500 |
|
|
|a Názov z obálky
|
| 500 |
|
|
|a Pravdepodobne preložené z taliančiny
|
| 500 |
|
|
|a Hrebeňová väzba
|
| 500 |
|
|
|a Obsahuje stručné biografické údaje o autorovi na poslednej strane
|
| 500 |
|
|
|a Obsahuje brožúru s modlitbami
|
| 650 |
0 |
7 |
|a kresťanské manželstvo
|2 SNKPH
|9 658
|
| 650 |
0 |
7 |
|a pastorácia
|2 SNKPH
|9 1972
|
| 650 |
0 |
7 |
|a evanjelizácia
|2 SNKPH
|9 4098
|
| 650 |
0 |
7 |
|a sviatosť manželstva
|2 SNKPH
|9 826
|
| 650 |
0 |
7 |
|a manželské spolužitie
|2 SNKPH
|9 71510
|
| 650 |
0 |
7 |
|a partnerské vzťahy
|2 SNKPH
|9 2250
|
| 650 |
0 |
7 |
|a pastoračné poradenstvo
|2 SNKPH
|9 84386
|
| 650 |
0 |
7 |
|a kresťanský život
|2 SNKPH
|9 1808
|
| 650 |
0 |
7 |
|a Boh a človek
|2 SNKPH
|9 1711
|
| 650 |
0 |
7 |
|a Christian marriage
|2 SNKPHeng
|9 303613
|
| 650 |
0 |
7 |
|a Pastorate
|2 SNKPHeng
|9 266917
|
| 650 |
0 |
7 |
|a Evangelistic work
|2 SNKPHeng
|9 282531
|
| 650 |
0 |
7 |
|a Sacrament of marriage
|2 SNKPHeng
|9 282486
|
| 650 |
0 |
7 |
|a Marital cohabitation
|2 SNKPHeng
|9 394951
|
| 650 |
0 |
7 |
|a Partner relationships
|2 SNKPHeng
|9 284534
|
| 650 |
0 |
7 |
|a Pastoral counseling
|2 SNKPHeng
|9 394952
|
| 650 |
0 |
7 |
|a Christian life
|2 SNKPHeng
|9 265582
|
| 650 |
0 |
7 |
|a Relations between God and man
|2 SNKPHeng
|9 303193
|
| 655 |
|
7 |
|a príručky
|2 SNKPH
|9 74364
|
| 655 |
|
7 |
|a Handbooks, manuals, etc.
|2 SNKPHeng
|9 90964
|
| 700 |
1 |
|
|a Vinš, Dominik
|4 trl
|9 394953
|
| 700 |
1 |
|
|a Čverčko, Ján
|4 trl
|9 394954
|
| 700 |
1 |
|
|a Bonkálo, Martin
|4 trl
|9 394955
|
| 700 |
1 |
|
|a Martinkovičová, Elena
|4 trl
|9 394956
|
| 700 |
1 |
|
|a Martinkovič, Jozef,
|d 1927-
|4 trl
|9 9899
|
| 700 |
1 |
|
|a Dinolfo, Giusy
|4 ill
|9 394957
|
| 700 |
1 |
|
|a Dinolfo, Giuseppe
|4 ill
|9 394958
|
| 787 |
0 |
8 |
|i Súvisiace dielo:
|t Malá cesta kresťanských manželov - Prehĺbenie
|z 9788080745554
|
| 852 |
|
|
|a Slovenská národná knižnica
|
| 919 |
|
|
|a 978-80-8074-554-7
|
| 954 |
|
|
|a duchovná literatúra cudzojazyčná (svetová)
|2 lita
|
| 958 |
|
|
|a NT
|
| 958 |
|
|
|a UP
|
| 968 |
|
|
|b IT
|
| 999 |
|
|
|c 902921
|d 904851
|
| 952 |
|
|
|a SNK
|b SNK
|y PREZ
|7 0
|p 17A1534813
|o snkSB 99480
|i snk2023/12977
|8 0
|3 Obsahuje prílohu: 1 voľný list
|z Obsahuje prílohu: 1 voľný list
|0 0
|1 0
|4 0
|d 2023-09-07
|f 1
|l 0
|r 2025-05-22 00:00:00
|w 2026-02-24
|
| 952 |
|
|
|a SNK
|b SNK
|y PREZ
|7 0
|p 17A1534814
|o snkSB 99480/príl.
|i snk2023/12977
|8 0
|3 Príloha: 1 voľný list
|z Príloha: 1 voľný list
|0 0
|1 0
|4 0
|d 2023-09-07
|f 1
|l 0
|r 2025-05-22 00:00:00
|w 2026-02-24
|
| 952 |
|
|
|a SNK
|b SNK
|y PREZ
|7 0
|p 17A1534812
|o snkSB 99480 D1
|i snk2023/12978
|8 0
|3 Obsahuje prílohu: 1 voľný list
|z Obsahuje prílohu: 1 voľný list
|0 0
|1 0
|4 0
|d 2023-09-07
|l 0
|r 2026-02-24 07:19:04
|w 2026-02-24
|
| 952 |
|
|
|a SNK
|b SNK
|y PREZ
|7 0
|p 17A1534815
|o snkSB 99480/príl. D1
|i snk2023/12978
|8 0
|3 Príloha: 1 voľný list
|z Príloha: 1 voľný list
|0 0
|1 0
|4 0
|d 2023-09-07
|l 0
|r 2026-02-24 07:19:04
|w 2026-02-24
|